00354nam a2200145Ia 4500008004100000020001800041041000800059082001700067100001800084245003000102250000600132260003200138300000800170650003000178210716s2011 xx 000 0 und d a9788130917535 aeng a658.403 RILP aRiley, Pippa. aBusiness decision making. a1 aNew DelhibViva Booksc2011 a439 aDecision making(658.403)